书目信息 |
| 题名: |
现代性视域下的中国语言文学研究
|
|
| 作者: | ;天水师范学院60周年校庆文库编委会 编 | |
| 分册: | ||
| 出版信息: | 北京 光明日报出版社 2019 |
|
| 页数: | 360页 | |
| 开本: | 25cm | |
| 丛书名: | ||
| 单 册: | ||
| 中图分类: | H1-53 , I206 , H1 | |
| 科图分类: | ||
| 主题词: | 汉语--语言学--研究 , 中国文学--文学研究 | |
| 电子资源: | ||
| ISBN: | 978-7-5194-5513-2 | |
| 000 | 01019cam0 2200265 450 | |
| 001 | 2340074824 | |
| 005 | 20231103110818.60 | |
| 010 | @a978-7-5194-5513-2@b精装@dCNY89.00 | |
| 100 | @a20200408d2019 em y0chiy50 ea | |
| 101 | 0 | @achi |
| 102 | @aCN@b110000 | |
| 105 | @aa z 000yy | |
| 200 | 1 | @a现代性视域下的中国语言文学研究@9xian dai xing shi yu xia de zhong guo yu yan wen xue yan jiu@f《天水师范学院60周年校庆文库》编委会编 |
| 210 | @a北京@c光明日报出版社@d2019 | |
| 215 | @a360页@c图@d25cm | |
| 300 | @a光明版 | |
| 330 | @a本书收录《从印度到中国——丝绸路上的睒子故事与艺术》《读书治学忆往》《论国学与国学研究》《董仲舒的“天”与人》《中国古代咏侠诗之流变》等文章。 | |
| 606 | 0 | @a汉语@x语言学@x研究 |
| 606 | 0 | @a中国文学@x文学研究 |
| 690 | @aH1-53@v5 | |
| 690 | @aI206@v5 | |
| 690 | @aH1@v4 | |
| 711 | 02 | @a天水师范学院60周年校庆文库编委会@9tian shui shi fan xue yuan 60 zhou nian xiao qing wen ku bian wei hui@4编 |
| 801 | 0 | @aCN@b大连网信软件有限公司图书馆·11@c20231103 |
| 905 | @aBZT@dH1@e22 | |
| 现代性视域下的中国语言文学研究/《天水师范学院60周年校庆文库》编委会编.-北京:光明日报出版社,2019 |
| 360页:图;25cm |
| 光明版 |
| ISBN 978-7-5194-5513-2(精装):CNY89.00 |
| 本书收录《从印度到中国——丝绸路上的睒子故事与艺术》《读书治学忆往》《论国学与国学研究》《董仲舒的“天”与人》《中国古代咏侠诗之流变》等文章。 |
| ● |
| 相关链接 |
|
|
|
正题名:现代性视域下的中国语言文学研究
索取号:H1/22
 
预约/预借
| 序号 | 登录号 | 条形码 | 馆藏地/架位号 | 状态 | 备注 |
| 1 | 2000943015 | 2000943015 | 安徽、中教混合/安徽时代(第一批)/153/ [索取号:H1/22] | 在馆 | |
| 2 | 2000943016 | 2000943016 | 安徽、中教混合/安徽时代(第一批)/153/ [索取号:H1/22] | 在馆 | |
| 3 | 2000943017 | 2000943017 | 安徽、中教混合/安徽时代(第一批)/153/ [索取号:H1/22] | 在馆 | |
| 4 | 2000943018 | 2000943018 | 安徽、中教混合/安徽时代(第一批)/153/ [索取号:H1/22] | 在馆 | |
| 5 | 2000943019 | 2000943019 | 安徽、中教混合/安徽时代(第一批)/153/ [索取号:H1/22] | 在馆 | |
| 6 | 2000943020 | 2000943020 | 安徽、中教混合/安徽时代(第一批)/153/ [索取号:H1/22] | 在馆 |